000 00830nam a2200181 a 4500
001 000045113
005 20201002045905.0
008 150203s2009 dr a 000 0 spa d
040 _aDO-SdBNP
_bspa
_cBNPHU
245 0 0 _aGuía para Reflexionar y Orientar la Acción :
_b"De la alfabetización de personas jóvenes y adultas al aprendizaje para toda la vida". /
_cproducción Miriam Camilo Recio; coordinación Heriberta Fernández Liriano.
260 _aSanto Domingo :
_bCEPA,
_c2009.
_fPremium
300 _a40 p. :
_bil. ;
_c22 cm.
500 _aCampaña por el derecho a la educación 2009 República Dominicana
504 _aBibliografía p: 17-19
700 1 _aCamilo Recio, Miriam
_eprod.
_937246
700 1 _aFernández Liriano, Heriberta
_ecoord.
_973129
710 1 _aCentro Pastoral de Comunicación H. Juan Pescador
_973130
999 _c44602
_d44602